Unix System administration Handbook. (Record no. 4825)

MARC details
000 -LEADER
fixed length control field 00540nam a22002057a 4500
003 - CONTROL NUMBER IDENTIFIER
control field OSt
005 - DATE AND TIME OF LATEST TRANSACTION
control field 20160722125932.0
008 - FIXED-LENGTH DATA ELEMENTS--GENERAL INFORMATION
fixed length control field 160722b xxu||||| |||| 00| 0 eng d
020 ## - INTERNATIONAL STANDARD BOOK NUMBER
International Standard Book Number 0130206016
040 ## - CATALOGING SOURCE
Transcribing agency DDC.
082 ## - DEWEY DECIMAL CLASSIFICATION NUMBER
Classification number 005.43UNI 2001
100 ## - MAIN ENTRY--PERSONAL NAME
Personal name Nemeth,Evi;
9 (RLIN) 6748
245 ## - TITLE STATEMENT
Title Unix System administration Handbook.
250 ## - EDITION STATEMENT
Edition statement 3rd ed.
260 ## - PUBLICATION, DISTRIBUTION, ETC. (IMPRINT)
Place of publication, distribution, etc. New Jersey.
Name of publisher, distributor, etc. Prentice Hall.
Date of publication, distribution, etc. 2001.
300 ## - PHYSICAL DESCRIPTION
Extent xxxv,853p;
Other physical details ill;
Dimensions 24cm.
504 ## - BIBLIOGRAPHY, ETC. NOTE
Bibliography, etc includes index.
650 ## - SUBJECT ADDED ENTRY--TOPICAL TERM
Topical term or geographic name as entry element Systems administration.
9 (RLIN) 10354
942 ## - ADDED ENTRY ELEMENTS (KOHA)
Source of classification or shelving scheme Dewey Decimal Classification
Koha item type Open Shelf
Holdings
Withdrawn status Lost status Source of classification or shelving scheme Damaged status Not for loan Home library Current library Date acquired Source of acquisition Inventory number Total Checkouts Full call number Barcode Date last seen Price effective from Koha item type
    Dewey Decimal Classification     MUST Main Library MUST Main Library 22/07/2016   08/30298   005.43UNI 2001 2016-3356 22/07/2016 22/07/2016 Open Shelf
    Dewey Decimal Classification     MUST Main Library MUST Main Library 12/08/2016   08/30299   005.43UNI 2001 2016-3582 12/08/2016 12/08/2016 Open Shelf